00481nam a2200157Ia 4500003000400000008004100004020001500045040001600060082001700076245004500093260007200138300002100210650002300231650003200254650003700286GCL140319s9999 xx 000 0 eng d a9774247175 aGCL / cGCL04a330.956bA E10aECONOMIC TRENDS IN THE MENA REGION, 2002 aالقاهرة : bTHE AMERICAN UNIVERSITY IN CAIRO PRESS ، c2001 a28 CM ؛ c114 P04aECONOMIC SOCIOLOGY04aEGYPT - ECONOMIC CONDITIONS04aMIDDLE EAST - ECONOMIC CONDITION